Statistics for MLB: Gold Gloves-First Base

Click here to take the quiz!

General Stats

  • This quiz has been taken 118 times
  • The average score is 13 of 43

Answer Stats

YearLeaguePlayer% Correct
1994, 1993, 1992, 1991, 1989, 1988, 1987, 1986, 1985ALDon Mattingly
70%
2010, 2006NLAlbert Pujols
68%
1988, 1987, 1986, 1985, 1984, 1983, 1982, 1981, 1980, 1979, 1978NLKeith Hernandez
63%
2018NLFreddie Freeman
61%
2017, 2015, 2013NLPaul Goldschmidt
49%
2012, 2010, 2009, 2006, 2005ALMark Teixeira
48%
2003, 2002, 2000ALJohn Olerud
46%
2020, 2019, 2018, 2016NLAnthony Rizzo
45%
2014, 2009, 2008NLAdrian Gonzalez
42%
2011ALAdrian Gonzalez
42%
1984, 1983, 1982ALEddie Murray
42%
2011NLJoey Votto
41%
1994NLJeff Bagwell
39%
1990ALMark McGwire
37%
1977, 1976, 1975, 1974NLSteve Garvey
35%
1999, 1998, 1997ALRafael Palmeiro
34%
1991NLWill Clark
34%
2004, 2002, 2001NLTodd Helton
32%
1996, 1995, 1993, 1992NLMark Grace
30%
1980, 1979ALCecil Cooper
28%
2007, 2005, 2003NLDerrek Lee
28%
2019, 2018ALMatt Olson
27%
1990, 1989NLAndres Galarraga
25%
1972, 1971, 1970, 1969, 1968, 1967NLWes Parker
25%
2017, 2015, 2014, 2013ALEric Hosmer
23%
1966, 1965, 1964, 1963, 1962, 1961, 1960NLBill White
21%
2020ALEvan White
21%
1996, 1995ALJT Snow
21%
2000, 1999, 1998, 1997NLJT Snow
21%
1959, 1958, 1957NLGil Hodges
20%
1978ALChris Chambliss
18%
1976, 1975, 1974, 1973, 1972, 1971, 1968, 1967ALGeorge Scott
18%
2008ALCarlos Pena
17%
1970, 1969, 1966, 1965ALJoe Pepitone
13%
2007ALKevin Youkilis
13%
2004ALDarin Erstad
10%
2001ALDoug Mientkiewicz
10%
1964, 1963, 1962, 1961, 1960, 1959, 1958ALVic Power
10%
2012NLAdam LaRoche
8%
1977, 1970ALJim Spencer
8%
1973NLMike Jorgensen
8%
2016ALMitch Moreland
8%
1981ALMike Squires
7%

Score Distribution

Percentile by Number Answered

Percent of People with Each Score

Your Score History

You have not taken this quiz